Englische Lehnwörter - Statistiken

Allgemein
  • Dieses Quiz wurde 5.272 mal gespielt
    5.226 seit der letzten Aktualisierung
  • Das Durchschnittsergebnis liegt bei 12 aus 20
Antwortstatistiken
Beschreibung Wort % Korrekt
Verabredung, meistens von zwei Verliebten Date
98%
Verkauf oder Sonderangebot Sale
91%
Lockeres, gleichmäßiges, nicht sonderlich schnelles Laufen als Freizeitsport Jogging
83%
Eine kleine Mahlzeit für zwischendurch Snack
82%
Ähnlich wie Federball Badminton
81%
Kreatives Sammeln von Ideen Brainstorming
79%
Kombination von Mikrofon und Kopfhörer Headset
79%
Eine Rückmeldung oder Kritik Feedback
74%
Berührungsempfindlicher Bildschirm Touchscreen
74%
Steuerhebel, vor allem für Videospiele Joystick
67%
Vorschrift zur Kleidung Dresscode
65%
Einen Beitrag positiv bewerten Like
63%
Hohe Konzentration von Schadstoffen in der Luft Smog
50%
Datensicherung Backup
40%
Abfertigungshalle für Passagiere (z.B. am Flughafen), Empfangshalle Terminal
34%
Schrift, die aus verschieden breiten, parallelen Strichen und Lücken besteht Barcode
29%
Person im Sport, die das Publikum zum Applaus animiert Cheerleader
21%
Nachwuchsspieler Youngster
21%
Weltweite Erreichbarkeit der eigenen Telefonnummer Roaming
13%
Versorgung mit Lebensmitteln, Verpflegung Catering
8%
Keine übereinstimmenden Quizze gefunden
Verteilung der Resultate
Anzahl Personen mit jedem Resultat
Perzentil nach korrekt beantworteten Fragen
Ihre Resultats-Entwicklung
Sie haben dieses Quiz seit der letzten Aktualisierung nicht gespielt